الدلالة المعنوية لفواصل الآيات القرآنية : (رقم التسجيلة. 127943)

تفاصيل مارك
000 -LEADER
fixed length control field 00723nam a22001937a 4500
005 - DATE AND TIME OF LATEST TRANSACTION
control field 20251108175156.0
008 - FIXED-LENGTH DATA ELEMENTS--GENERAL INFORMATION
fixed length control field 250721s2011 xx 000 0 ara d
082 14 - DEWEY DECIMAL CLASSIFICATION NUMBER
Classification number م/211.6/حسا
100 1# - MAIN ENTRY--PERSONAL NAME
Personal name أبو حسان، جمال محمود
245 10 - TITLE STATEMENT
Title الدلالة المعنوية لفواصل الآيات القرآنية :
Remainder of title دراسة في بيان القرآن الكريم و اعجازه /
264 1# - PRODUCTION, PUBLICATION, DISTRIBUTION, MANUFACTURE, AND COPYRIGHT NOTICE
Place of production, publication, distribution, manufacture دبي :
Name of producer, publisher, distributor, manufacturer جائزة دبي الدولية للقرآن الكريم،
Date of production, publication, distribution, manufacture, or copyright notice 2011.
300 ## - PHYSICAL DESCRIPTION
Extent 669ص.
490 0# - SERIES STATEMENT
Series statement الدراسات القرآنية
650 17 - SUBJECT ADDED ENTRY--TOPICAL TERM
Topical term or geographic name as entry element اعجاز القرآن
650 17 - SUBJECT ADDED ENTRY--TOPICAL TERM
Topical term or geographic name as entry element القرآن الكريم
650 17 - SUBJECT ADDED ENTRY--TOPICAL TERM
Topical term or geographic name as entry element نحو القرآن
942 ## - ADDED ENTRY ELEMENTS (KOHA)
Source of classification or shelving scheme Dewey Decimal Classification
Koha item type مراجع
المقتنيات
حالة السحب حالة الفقدان مصدر التصنيف حالة التلف غير قابل للإعارة المكتبة الرئيسية المكتبة الحالية موقع الرف تاريخ التزويد الرقم المتسلسل Total Checkouts رقم الإستدعاء الباركود تاريخ آخر ظهور تاريخ الفاتورة نوع المادة (كوها)
    Dewey Decimal Classification   Not For Loan المكتبة المركزية المكتبة المركزية مراجع 28/07/2025 1558537   م/211.6/حسا PLD00288088 28/07/2025 28/07/2025 مراجع
    Dewey Decimal Classification   Not For Loan مكتبة البراعم الواعدة مكتبة البراعم الواعدة مراجع 23/06/2018 1653818   م/211.6/حسا PLD00422279 28/07/2025 23/06/2018 مراجع
    Dewey Decimal Classification   Not For Loan مكتبة حمزة العامة مكتبة حمزة العامة مراجع 27/11/2013 1558539   م/211.6/حسا PLD00288411 28/07/2025 27/11/2013 مراجع
    Dewey Decimal Classification   Not For Loan مكتبة وادي السير العامة مكتبة وادي السير العامة مراجع 27/11/2013 1558540   م/211.6/حسا PLD00288412 28/07/2025 27/11/2013 مراجع
    Dewey Decimal Classification   Not For Loan مكتبةمؤتة مكتبةمؤتة مراجع 27/11/2013 1558538   م/211.6/حسا PLD00288410 28/07/2025 27/11/2013 مراجع
Implemented & Customized by: BBB with SCIT (Smart Chains for Information Technology)

Powered by Koha